Experimental architecture designing the unknown

Gorde:
Xehetasun bibliografikoak
Egile nagusia: ARMSTRONG, Rachel
Formatua: Liburua
Hizkuntza:ingelesa
Argitaratua: Routledge 2020
Etiketak: Etiketa erantsi
Etiketarik gabe, Izan zaitez lehena erregistro honi etiketa jartzen!

MARC

LEADER 00000nam a22000007a 4500
008 230725b |||||||| |||| 00| 0 eng d
020 |a 9781138575257 
100 |a ARMSTRONG, Rachel 
245 |a Experimental architecture  |b designing the unknown  |c Rachel Armstrong  |g xxii,206p;ill 
260 |b Routledge  |c 2020  |h London  |i 700210  |i 700211  |l NA1995.Ar5  |m Architectural practice  |m Architecture-Research 
500 |a it includes references and index 
942 |a lcc  |c BK  |e Johnson  |f 25/07/23 
952 |0 0  |1 0  |2 lcc  |4 0  |6 NA1995 A R5  |7 0  |9 4297  |a EDM  |b HOL  |c LP  |d 2023-07-25  |l 0  |o NA1995.Ar5  |p 2023-0224  |r 2023-07-25 00:00:00  |t 700210  |w 2023-07-25  |y BK 
952 |0 0  |1 0  |2 lcc  |4 0  |6 NA1995 A R5  |7 0  |9 4298  |a HOL  |b HOL  |c LP  |d 2023-07-25  |l 0  |o NA1995.Ar5  |r 2023-07-25 00:00:00  |t 700211  |w 2023-07-25  |y BK 
999 |c 2158  |d 2158